| 000 | 00840nam a22002297a 4500 | ||
|---|---|---|---|
| 001 | 49130 | ||
| 003 | BD-RjUL | ||
| 005 | 20211209054634.0 | ||
| 008 | 160817s1977 bg ||||| |||| 00| 0 ben d | ||
| 020 | _c: TK 2.00 | ||
| 035 | _a(BD-RjUL)49249 | ||
| 040 |
_aBD-RjUL _bben _cBD-RjUL |
||
| 041 | _aben | ||
| 082 |
_223 _a398.0954924 _bSAR 1977 |
||
| 245 | 0 | 0 | _aস্মরণিকা / |
| 260 |
_aরাজশাহী : _bজাতীয় সাংস্কৃতিক অনুষ্ঠান, _c১৯৭৭ |
||
| 300 |
_a৫৬ পৃ. : _bচিত্র ; _c২১ সেমি. |
||
| 650 |
_aলোকসংস্কৃতি _zরাজশাহী _9147744 |
||
| 650 |
_aFolklore _zRajshahi _9147745 |
||
| 700 |
_aরহমান, মুস্তাফিজুর, সম্পাদক _9147746 |
||
| 942 |
_2ddc _cBK |
||
| 999 |
_c49130 _d49130 |
||